| 000 | 03340cam a2200325 4500500 | ||
|---|---|---|---|
| 005 | 20251228070427.0 | ||
| 041 | _afre | ||
| 042 | _adc | ||
| 100 | 1 | 0 |
_aJohnson, Jennie _eauthor |
| 700 | 1 | 0 |
_aCoyle, Thomas _eauthor |
| 245 | 0 | 0 | _aVers la compréhension de la décision éthique : une mesure redéfinie de l'intention d'agir de façon éthique |
| 260 | _c2012. | ||
| 500 | _a92 | ||
| 520 | _aRésuméCet article propose une méthodologie par étape afin de développer une échelle de mesure de l’intention d’agir de façon éthique. Afin de tester la robustesse de la méthodologie, des données issues de deux populations différentes, recueillies auprès de 75 étudiants et 181 professionnels, ont été étudiées pour nous assurer de la fiabilité de scénarios éthiques en contexte professionnel. En développant un construit mesurant l’intention éthique, cet article comble un vide de la recherche en éthique des affaires. La construction des items de l’échelle de mesure est fondée sur une théorie de l’intention et sur des questions identifiées à partir de la littérature en gestion des ressources humaines relatives aux raisons pour lesquelles des employés ne dénoncent pas les comportements jugés contraires à l’éthique sur leur lieu de travail. Soumis à un test du biais de désirabilité sociale, les résultats montrent que l’échelle proposée offre une plus grande fiabilité pour évaluer l’intention comportementale relative à la décision éthique. Outre ces résultats, l’article fournit un nouvel outil potentiel pour les recherches reposant sur une mesure de l’intention éthique comme proxy du comportement éthique. | ||
| 520 | _aThis paper proposes a step-wise methodology for the development of a scale measuring intent-to-act ethically. To test the robustness of the methodology, data from two different populations gathered from 75 students and 181 professionals were examined to ensure reliability in ethical workplace scenarios. In developing a construct measuring ethical intent, this paper fills a research gap in business ethics. The construction of scale-measuring items was based on a theory of intent, and issues identified from the human resource management literature related to reasons employees do not report perceived unethical behavior in the workplace. Tested for social desirability bias, the results show that the proposed scale offers an improved reliability for assessing behavioral intent related to ethical decision-making. With these findings, the paper provides a potential new tool for research that relies on a measure of ethical intent as a proxy for ethical behavior. | ||
| 690 | _aanalyse factorielle | ||
| 690 | _aapproche par scénarios | ||
| 690 | _acomportement éthique | ||
| 690 | _amesure de l'intention | ||
| 690 | _aprise de décision éthique | ||
| 690 | _araisonnement moral | ||
| 690 | _aethical behavior | ||
| 690 | _aethical decision-making | ||
| 690 | _afactor analysis | ||
| 690 | _aintent measurement | ||
| 690 | _amoral reasoning | ||
| 690 | _ascenario-based research | ||
| 786 | 0 | _nVie & sciences de l'entreprise | 191 - 192 | 2 | 2012-12-01 | p. 165-191 | 2262-5321 | |
| 856 | 4 | 1 | _uhttps://shs.cairn.info/revue-vie-et-sciences-de-l-entreprise-2012-2-page-165?lang=fr&redirect-ssocas=7080 |
| 999 |
_c1592774 _d1592774 |
||